000 00568nam a2200229Ia 4500
003 OSt
005 20220928141906.0
006 a|||||r|||| 00| 0
007 ta
008 220927b |||||||| |||| 00| 0 eng d
024 _a18255
037 _cTextual
040 _aSDCL
_cSDCL
_beng
041 _2eng
_aeng
082 _aX:87, P1
100 _aLafasto Frank
_9479202
245 0 _aWhen teams work best
260 _c2002
700 _a Larson Carl
_9479203
942 _hX:87, P1
_cTEXL
_2CC
999 _c820513
_d820513